[Event "Tata Steel India Blitz"]
[Site "Kolkata IND"]
[Date "2026.01.11"]
[Round "13.2"]
[White "So, Wesley"]
[Black "Nihal, Sarin"]
[Result "1/2-1/2"]
[WhiteTitle "GM"]
[BlackTitle "GM"]
[WhiteElo "2753"]
[BlackElo "2716"]
[WhiteFideId "5202213"]
[BlackFideId "25092340"]
[EventDate "2026.01.10"]

1. d4 d5 2. c4 e6 3. Nc3 a6 4. cxd5 exd5 5. Nf3 Nc6 6. Bf4 Nf6 7. e3 Nh5 8. Bg5
Be7 9. Bxe7 Nxe7 10. Be2 O-O 11. O-O Nf6 12. b4 Nf5 13. a4 Nd6 14. b5 axb5 15.
axb5 Bg4 16. h3 Bxf3 17. Bxf3 c6 18. Qc2 g6 19. g3 Kg7 20. Kg2 Qe7 21. Rfc1 h5
22. bxc6 bxc6 23. Ne2 Nc4 24. Rxa8 Rxa8 25. Nf4 Rb8 26. Nd3 h4 27. gxh4 Ne4 28.
h5 Qg5+ 29. Kh1 Qh4 30. Bg2 Ng5 31. Kh2 Qxh5 32. Qd1 Qh6 33. Qg4 Ne6 34. Qg3 Rb6
35. Ne5 Nxe5 36. Qxe5+ Kh7 37. Qd6 Rb2 38. Qg3 Nxd4 39. Qe5 c5 40. Rxc5 Ne6 41.
Qxb2 Nxc5 42. Bxd5 Qh4 43. Qc2 Nd7 44. Bxf7 Ne5 45. Be6 Nf3+ 46. Kh1 Qf6 47.
Qc7+ Kh6 48. Bg4 Ne5 49. Kg1 Nd3 50. Qg3 Qa1+ 51. Kh2 Qf6 52. Kg2 Ne1+ 53. Kf1
Nd3 54. Be2 Ne5 55. Kg2 g5 56. Bf3 Ng6 57. Kh2 Nh4 58. Be4 Qe6 59. Bg2 Qf6 60.
Bh1 Ng6 61. Be4 Ne5 62. f4 gxf4 63. Qxf4+ Qxf4+ 64. exf4 Nc4 65. Kg3 Nd6 66. Bd3
Kg7 67. Kg4 Kf6 68. h4 Nf7 69. h5 Nh6+ 70. Kf3 Nf7 71. Bg6 Nd8 72. Bc2 Ne6 73.
h6 Nd4+ 74. Ke4 Nxc2 75. f5 Nb4 76. h7 Kg7 77. Ke5 Kxh7 78. f6 Kg8 1/2-1/2

[Event "Tata Steel India Blitz"]
[Site "Kolkata IND"]
[Date "2026.01.11"]
[Round "13.3"]
[White "Niemann, Hans Moke"]
[Black "Wei, Yi"]
[Result "1-0"]
[WhiteTitle "GM"]
[BlackTitle "GM"]
[WhiteElo "2725"]
[BlackElo "2754"]
[WhiteFideId "2093596"]
[BlackFideId "8603405"]
[EventDate "2026.01.10"]

1. e4 c5 2. Nf3 d6 3. d4 cxd4 4. Nxd4 Nf6 5. Nc3 a6 6. Bg5 e6 7. f3 Nbd7 8. Qd2
b5 9. a3 Bb7 10. O-O-O Rc8 11. Qe1 Be7 12. h4 Qc7 13. Kb1 Nb6 14. g4 h6 15. Bd2
Nfd7 16. Rh3 Bf6 17. Qf2 d5 18. exd5 Nxd5 19. g5 Be5 20. gxh6 gxh6 21. f4 Nxf4
22. Bxf4 Bxf4 23. Ndxb5 Qb8 24. Rhd3 axb5 25. Rxd7 Bc6 26. Bxb5 Bxd7 27. Bxd7+
Ke7 28. Bxc8 Rxc8 29. Qd4 Be5 30. Qd7+ Kf8 31. Nb5 Rc4 32. h5 Rf4 33. c3 Kg8 34.
Qc6 Kh7 35. Ka2 Rf2 36. Rd7 Bg7 37. a4 Rf4 38. Kb3 Rf2 39. Qe4+ Rf5 40. Rxf7 1-0

[Event "Tata Steel India Blitz"]
[Site "Kolkata IND"]
[Date "2026.01.11"]
[Round "13.4"]
[White "Praggnanandhaa, R"]
[Black "Murzin, Volodar"]
[Result "1-0"]
[WhiteTitle "GM"]
[BlackTitle "GM"]
[WhiteElo "2758"]
[BlackElo "2652"]
[WhiteFideId "25059530"]
[BlackFideId "44155573"]
[EventDate "2026.01.10"]

1. e4 c6 2. d3 d5 3. Nd2 Nf6 4. e5 Nfd7 5. d4 c5 6. c3 Nc6 7. Ngf3 e6 8. Bd3 f6
9. exf6 Qxf6 10. O-O Bd6 11. Re1 h6 12. Nf1 O-O 13. Ne3 h5 14. Bc2 cxd4 15. cxd4
Bf4 16. Qd3 Qh6 17. a3 Nf6 18. Nf1 h4 19. h3 Ne4 20. Qe2 Ng5 21. Nxg5 Qxg5 22.
Qd3 Qh6 23. Ne3 Qh5 24. Ng4 Bxc1 25. Raxc1 Bd7 26. Ne5 Nxe5 27. Rxe5 Qh6 28.
Rce1 Rf6 29. Bd1 Raf8 30. Rh5 Qf4 31. Bf3 Rf5 32. Rxf5 Rxf5 33. Qc3 Kf8 34. Rd1
Qd6 35. Rc1 Bc6 36. Qe3 Qf4 37. Qc3 a6 38. Rc2 Rf6 39. Re2 Kg8 40. Re3 Qd6 41.
Re5 Bd7 42. Bg4 Qc6 43. Qd2 Qc4 44. Rh5 Qa2 45. Rxh4 Qa1+ 46. Kh2 Qf1 47. Bf3
Be8 48. Qe3 Qb1 49. Rg4 Qxb2 50. Qe5 Kf8 51. Qd6+ Kg8 52. Qe7 Rf7 53. Qxe8+ 1-0

[Event "Tata Steel India Blitz"]
[Site "Kolkata IND"]
[Date "2026.01.11"]
[Round "13.5"]
[White "Vidit, Santosh Gujrathi"]
[Black "Aravindh, Chithambaram VR."]
[Result "1-0"]
[WhiteTitle "GM"]
[BlackTitle "GM"]
[WhiteElo "2708"]
[BlackElo "2700"]
[WhiteFideId "5029465"]
[BlackFideId "5072786"]
[EventDate "2026.01.10"]

1. Nf3 Nf6 2. b3 g6 3. Bb2 Bg7 4. d4 O-O 5. e3 c5 6. dxc5 Qa5+ 7. c3 Qc7 8. b4
b6 9. cxb6 axb6 10. c4 Bb7 11. Nc3 d5 12. Nb5 Qd7 13. a3 Rd8 14. Be2 Qg4 15. O-O
Nc6 16. h3 Qf5 17. Qb1 Qc8 18. Rc1 dxc4 19. Bxc4 Qd7 20. Qc2 Rac8 21. Qb3 e6 22.
Rd1 Qe7 23. Rxd8+ Rxd8 24. Rd1 Ne4 25. Bxg7 Kxg7 26. Qb2+ Kg8 27. Rxd8+ Qxd8 28.
Qc2 Ne7 29. Be2 Nf5 30. Qc7 Qxc7 31. Nxc7 Nc3 32. Bd3 Bxf3 33. gxf3 Nh4 34. f4
Nf3+ 35. Kf1 Kf8 36. Na8 Nd2+ 37. Kg2 Nd5 38. Bb5 Nc3 39. Bc6 Nc4 40. a4 Ke7 41.
h4 Kd6 42. Bb7 Na2 43. Ba6 Nd2 44. Nxb6 Nxb4 45. Bb5 Ne4 46. Nc4+ Kc7 47. a5 Nd3
48. Ne5 Ndxf2 49. Nxf7 Ng4 50. Kf3 Ngf6 51. Ng5 Nc5 52. Bc4 Kd6 53. a6 Kc6 54.
Nxe6 Nce4 55. Nd4+ Kb6 56. Bd3 Nc5 57. Bc4 Nce4 58. Ke2 h6 59. Nf3 Ng3+ 60. Kd3
Nge4 61. Bf7 Nc5+ 62. Kd4 Nxa6 63. Bxg6 Nb8 64. Ne5 Kc7 65. e4 Kd6 66. Nf7+ Ke7
67. Nxh6 Nc6+ 68. Ke3 Kf8 69. e5 Nd5+ 70. Kf3 Kg7 71. Be4 Nd4+ 72. Kg3 Ne2+ 73.
Kg4 Ndxf4 74. Nf5+ Kf7 75. Bf3 Ke6 76. Ng3 Kxe5 77. Bxe2 Nd5 78. Kg5 Nf4 79. Bg4
Nd5 80. Nh5 Kd6 81. Nf6 Nc7 82. h5 Ke7 83. Kg6 Ne6 84. Bxe6 1-0

[Event "Tata Steel India Blitz"]
[Site "Kolkata IND"]
[Date "2026.01.11"]
[Round "14.1"]
[White "Nihal, Sarin"]
[Black "Niemann, Hans Moke"]
[Result "0-1"]
[WhiteTitle "GM"]
[BlackTitle "GM"]
[WhiteElo "2716"]
[BlackElo "2725"]
[WhiteFideId "25092340"]
[BlackFideId "2093596"]
[EventDate "2026.01.10"]

1. c4 c5 2. Nc3 Nc6 3. Nf3 Nf6 4. g3 d5 5. cxd5 Nxd5 6. Bg2 Nc7 7. O-O e5 8. d3
Be7 9. Nd2 Bd7 10. Nc4 f6 11. f4 b5 12. Ne3 O-O 13. Ned5 Rb8 14. a4 b4 15. Nxe7+
Qxe7 16. Ne4 f5 17. Ng5 h6 18. Nf3 exf4 19. Bxf4 Nd5 20. Bxb8 Ne3 21. Qd2 Nxf1
22. Rxf1 Rxb8 23. Nh4 Re8 24. Nxf5 Qxe2 25. Qf4 Qxd3 26. Nxg7 Qe3+ 27. Qxe3 Rxe3
28. Nh5 Ne5 29. Nf6+ Kg7 30. Nxd7 Nxd7 31. Rf5 Re1+ 32. Rf1 Rxf1+ 33. Kxf1 c4
34. Ke2 Kf6 35. Bd5 Nb6 36. Bc6 Ke5 37. a5 Nc8 38. Ke3 Ne7 39. Bb5 Nd5+ 40. Kd2
Kd4 41. g4 Nf6 42. h3 Ne4+ 43. Ke1 b3 44. Ba4 Nc5 45. h4 Nxa4 0-1

[Event "Tata Steel India Blitz"]
[Site "Kolkata IND"]
[Date "2026.01.11"]
[Round "14.2"]
[White "Aravindh, Chithambaram VR."]
[Black "Erigaisi, Arjun"]
[Result "0-1"]
[WhiteTitle "GM"]
[BlackTitle "GM"]
[WhiteElo "2700"]
[BlackElo "2775"]
[WhiteFideId "5072786"]
[BlackFideId "35009192"]
[EventDate "2026.01.10"]

1. e4 c5 2. Nf3 d6 3. d4 cxd4 4. Qxd4 Nc6 5. Bb5 a6 6. Bxc6+ bxc6 7. c4 e5 8.
Qd3 Ne7 9. Nc3 Ng6 10. Be3 Be7 11. c5 dxc5 12. Qxd8+ Kxd8 13. Na4 Bg4 14. Nd2
Nf4 15. Bxf4 exf4 16. Rc1 Rb8 17. b3 Rb5 18. Nc4 f3 19. Ne5 fxg2 20. Rg1 Be6 21.
Nxc6+ Kd7 22. Ne5+ Kc7 23. Rxg2 g6 24. Nd3 c4 25. Nf4 Bd7 26. Nd5+ Kd8 27. Rxc4
Bd6 28. f3 Be6 29. Nac3 Rc5 30. Rd2 Rxc4 31. bxc4 Kd7 32. f4 Rb8 33. e5 Bf8 34.
Ne4 Kc6 35. Ng5 h6 36. Nxe6 fxe6 37. Nc3 Bb4 38. Rd3 Rf8 39. Kd2 Rxf4 40. Rg3
Rxc4 41. Rxg6 Rxc3 42. a3 Rg3+ 0-1

[Event "Tata Steel India Blitz"]
[Site "Kolkata IND"]
[Date "2026.01.11"]
[Round "14.3"]
[White "Murzin, Volodar"]
[Black "Vidit, Santosh Gujrathi"]
[Result "1/2-1/2"]
[WhiteTitle "GM"]
[BlackTitle "GM"]
[WhiteElo "2652"]
[BlackElo "2708"]
[WhiteFideId "44155573"]
[BlackFideId "5029465"]
[EventDate "2026.01.10"]

1. e4 c5 2. Nf3 d6 3. Bb5+ Nd7 4. Ba4 Nf6 5. O-O e6 6. c4 Be7 7. Nc3 O-O 8. d3
Ne5 9. Nxe5 dxe5 10. Be3 Bd7 11. Bxd7 Nxd7 12. a3 Nb8 13. Na4 Na6 14. Qb3 Qc7
15. Rfd1 Rad8 16. Qb5 Ra8 17. Rab1 Qc8 18. Nc3 Rd8 19. b4 Rd7 20. Qa4 cxb4 21.
axb4 Qd8 22. c5 Nc7 23. Qc2 a6 24. Ra1 Rc8 25. Kf1 Qe8 26. Qb3 Rdd8 27. Qc4 Qc6
28. Ke2 Rd7 29. Qb3 Rcd8 30. Qa4 Nb5 31. Nxb5 axb5 32. Qb3 h6 33. f3 Bg5 34. Bf2
Be7 35. Ra2 Rb8 36. Rda1 Rbd8 37. Ra8 Kh7 38. Rxd8 Bxd8 39. Qa3 Bc7 40. Qc1 Rd8 1/2-1/2

[Event "Tata Steel India Blitz"]
[Site "Kolkata IND"]
[Date "2026.01.11"]
[Round "14.4"]
[White "Anand, Viswanathan"]
[Black "So, Wesley"]
[Result "1/2-1/2"]
[WhiteTitle "GM"]
[BlackTitle "GM"]
[WhiteElo "2743"]
[BlackElo "2753"]
[WhiteFideId "5000017"]
[BlackFideId "5202213"]
[EventDate "2026.01.10"]

1. e4 e5 2. Nf3 Nc6 3. Bb5 Nf6 4. O-O Nxe4 5. Re1 Nd6 6. Nxe5 Be7 7. Bf1 Nxe5 8.
Rxe5 O-O 9. d4 Bf6 10. Re1 Re8 11. Rxe8+ Nxe8 12. c3 d5 13. Bf4 Bg5 14. Bg3 Bh4
15. Bxh4 Qxh4 16. Nd2 Nd6 17. Qf3 c6 18. Re1 Bd7 19. Qg3 Qxg3 20. hxg3 f6 1/2-1/2

[Event "Tata Steel India Blitz"]
[Site "Kolkata IND"]
[Date "2026.01.11"]
[Round "14.5"]
[White "Wei, Yi"]
[Black "Praggnanandhaa, R"]
[Result "1-0"]
[WhiteTitle "GM"]
[BlackTitle "GM"]
[WhiteElo "2754"]
[BlackElo "2758"]
[WhiteFideId "8603405"]
[BlackFideId "25059530"]
[EventDate "2026.01.10"]

1. d4 Nf6 2. c4 e6 3. Nf3 Bb4+ 4. Nbd2 O-O 5. a3 Be7 6. e4 d6 7. Bd3 e5 8. O-O
exd4 9. Nxd4 Re8 10. f4 a5 11. b3 Nbd7 12. Bb2 Bf8 13. Qc2 g6 14. Rae1 Bg7 15.
b4 axb4 16. axb4 c6 17. Kh1 Qb6 18. Bc3 c5 19. Nb5 cxb4 20. Bd4 Nc5 21. e5 dxe5
22. fxe5 Nfd7 23. Nb3 Rxe5 24. Rxe5 Bxe5 25. Bxc5 Nxc5 26. Qf2 Bf5 27. Nxc5 Rc8
28. Bxf5 Rxc5 29. Be6 Kg7 1-0

[Event "Tata Steel India Blitz"]
[Site "Kolkata IND"]
[Date "2026.01.11"]
[Round "15.1"]
[White "Vidit, Santosh Gujrathi"]
[Black "Wei, Yi"]
[Result "1-0"]
[WhiteTitle "GM"]
[BlackTitle "GM"]
[WhiteElo "2708"]
[BlackElo "2754"]
[WhiteFideId "5029465"]
[BlackFideId "8603405"]
[EventDate "2026.01.10"]

1. Nf3 d6 2. d4 Nf6 3. g3 Nbd7 4. Bg2 e5 5. c4 c6 6. d5 cxd5 7. cxd5 b5 8. O-O
Be7 9. Na3 Rb8 10. Nc2 a5 11. Nfe1 O-O 12. b4 a4 13. e4 Nb6 14. Ne3 Bd7 15. f4
Ne8 16. Nd3 exf4 17. gxf4 Nc4 18. Kh1 Bf6 19. Rb1 Bd4 20. Nc2 Bb6 21. Qf3 Qe7
22. Re1 Rc8 23. Ne3 Nf6 24. e5 dxe5 25. fxe5 Nxe5 26. Nf5 Bxf5 27. Rxe5 Qxe5 28.
Nxe5 Bxb1 29. Nc6 Be4 30. Qg3 Rfe8 31. Bb2 Bxg2+ 32. Kxg2 Re2+ 33. Kf1 Rxb2 34.
Ne7+ Kf8 35. Nxc8 Ne4 36. Qb8 Nd2+ 37. Ke2 Nc4+ 38. Kf3 Rf2+ 39. Kg3 Bd8 40.
Kxf2 1-0

[Event "Tata Steel India Blitz"]
[Site "Kolkata IND"]
[Date "2026.01.11"]
[Round "15.2"]
[White "Niemann, Hans Moke"]
[Black "Anand, Viswanathan"]
[Result "1-0"]
[WhiteTitle "GM"]
[BlackTitle "GM"]
[WhiteElo "2725"]
[BlackElo "2743"]
[WhiteFideId "2093596"]
[BlackFideId "5000017"]
[EventDate "2026.01.10"]

1. e4 e5 2. Nf3 Nc6 3. Bc4 Bc5 4. d3 Nf6 5. O-O d6 6. c3 O-O 7. Re1 h6 8. h3 a6
9. a4 Ba7 10. Nbd2 Re8 11. b4 Be6 12. Bxe6 Rxe6 13. Qc2 Qd7 14. Nb3 Ree8 15. Bb2
b5 16. axb5 axb5 17. d4 exd4 18. Nbxd4 Ne5 19. Rad1 Nc4 20. Bc1 Bb6 21. Bf4 Rad8
22. Nf5 Qc6 23. Bxh6 Nxe4 24. N3d4 Bxd4 25. Rxd4 d5 26. Rexe4 Rxe4 27. Rxe4 1-0

[Event "Tata Steel India Blitz"]
[Site "Kolkata IND"]
[Date "2026.01.11"]
[Round "15.3"]
[White "Praggnanandhaa, R"]
[Black "Nihal, Sarin"]
[Result "0-1"]
[WhiteTitle "GM"]
[BlackTitle "GM"]
[WhiteElo "2758"]
[BlackElo "2716"]
[WhiteFideId "25059530"]
[BlackFideId "25092340"]
[EventDate "2026.01.10"]

1. c4 e5 2. Nc3 Nf6 3. Nf3 Nc6 4. g3 d5 5. cxd5 Nxd5 6. Bg2 Nf6 7. b4 a6 8. a3
h6 9. d3 Bd6 10. O-O O-O 11. Bb2 Re8 12. Nd2 Bf5 13. Rc1 Qd7 14. Nce4 Nxe4 15.
Nxe4 Bh3 16. Bxh3 Qxh3 17. Qb3 Rad8 18. a4 Ne7 19. b5 axb5 20. Qxb5 Ng6 21. Qxb7
Rb8 22. Qc6 Re6 23. Rc2 Nf4 24. Nxd6 e4 25. Qxe4 Rxe4 26. gxf4 Rxe2 0-1

[Event "Tata Steel India Blitz"]
[Site "Kolkata IND"]
[Date "2026.01.11"]
[Round "15.4"]
[White "Murzin, Volodar"]
[Black "Aravindh, Chithambaram VR."]
[Result "1-0"]
[WhiteTitle "GM"]
[BlackTitle "GM"]
[WhiteElo "2652"]
[BlackElo "2700"]
[WhiteFideId "44155573"]
[BlackFideId "5072786"]
[EventDate "2026.01.10"]

1. d4 Nf6 2. Nf3 e6 3. Bg5 d5 4. Nbd2 Nbd7 5. e3 b6 6. Bb5 Bd6 7. Ne5 O-O 8. f4
c5 9. Qf3 Qc7 10. c3 Bb7 11. Bd3 Rae8 12. Bh4 Qc8 13. O-O Ba6 14. Qe2 Bxd3 15.
Qxd3 Qb7 16. Rf3 Be7 17. Rh3 g6 18. Rf1 Rd8 19. Ndf3 Ne4 20. Nxg6 fxg6 21. Bxe7
Ne5 22. Nxe5 Qxe7 23. Nc6 Qd7 24. Nxd8 Rxd8 25. a3 Qa4 26. Qe2 Rf8 27. Rhf3 b5
28. dxc5 Nxc5 29. h4 Ne4 30. h5 Kg7 31. Rh3 Qc4 32. Qg4 Rf6 33. Re1 Qd3 34. hxg6
Rxg6 35. Qe2 Qc4 36. Qh5 h6 37. Qe5+ Kh7 38. f5 exf5 39. Qxf5 Qd3 40. Kh2 Qd2
41. Rg1 Kg7 42. Rf3 h5 43. Qe5+ Kh6 44. Rf8 Ng5 45. Rh8+ Nh7 46. Qe7 Rg7 47.
Qf6+ Rg6 48. Qf4+ Kg7 49. Rd8 Nf6 50. Rb8 Ng4+ 51. Kh1 Nf2+ 52. Kh2 Ng4+ 53. Kg3
Ne5+ 54. Kh3 Nf7 55. Qd4+ Qxd4 56. exd4 Ng5+ 57. Kh2 Re6 58. Rxb5 Re2 59. Rf1 1-0

[Event "Tata Steel India Blitz"]
[Site "Kolkata IND"]
[Date "2026.01.11"]
[Round "15.5"]
[White "So, Wesley"]
[Black "Erigaisi, Arjun"]
[Result "1/2-1/2"]
[WhiteTitle "GM"]
[BlackTitle "GM"]
[WhiteElo "2753"]
[BlackElo "2775"]
[WhiteFideId "5202213"]
[BlackFideId "35009192"]
[EventDate "2026.01.10"]

1. e4 c5 2. Nf3 e6 3. d4 cxd4 4. Nxd4 Nf6 5. Nc3 Bb4 6. e5 Nd5 7. Bd2 Nxc3 8.
bxc3 Bf8 9. Bd3 Na6 10. O-O Nc5 11. Re1 b6 12. Qf3 Bb7 13. Qg3 a6 14. h4 h5 15.
Nb3 Nxd3 16. cxd3 Qc7 17. a4 d6 18. c4 dxe5 19. Rxe5 Bd6 20. Bf4 O-O 21. a5 f6
22. axb6 Qb8 23. Rg5 fxg5 24. Bxd6 gxh4 25. Bxb8 hxg3 26. Bxg3 Rf5 27. Na5 Rf7
28. c5 Rc8 29. Nxb7 Rxb7 30. d4 Ra8 31. Rb1 Rc8 32. Ra1 Ra8 33. Kf1 Kf7 34. Ke2
Ke7 35. Kd3 Kd7 36. Kc4 Kc6 37. Re1 Re7 38. Bd6 Ree8 39. Rxe6 Rxe6 40. d5+ Kb7
41. dxe6 Kc6 42. e7 a5 43. Bc7 Re8 44. Bd8 g5 45. f3 Rg8 46. Kb3 h4 47. Ka4 g4
48. fxg4 Rxg4+ 49. Kxa5 Re4 50. b7 Kxb7 51. Kb5 Re5 52. e8=Q Rxe8 53. c6+ Kc8
54. Bxh4 Re5+ 55. Kb6 Re2 56. g3 Re3 57. Kc5 Rc3+ 58. Kd6 1/2-1/2

[Event "Tata Steel India Blitz"]
[Site "Kolkata IND"]
[Date "2026.01.11"]
[Round "16.1"]
[White "Aravindh, Chithambaram VR."]
[Black "So, Wesley"]
[Result "1/2-1/2"]
[WhiteTitle "GM"]
[BlackTitle "GM"]
[WhiteElo "2700"]
[BlackElo "2753"]
[WhiteFideId "5072786"]
[BlackFideId "5202213"]
[EventDate "2026.01.10"]

1. d4 d5 2. c4 e6 3. Nc3 Be7 4. Nf3 Nf6 5. cxd5 exd5 6. Bf4 c6 7. h3 Bf5 8. g4
Be4 9. Bg2 O-O 10. O-O Nbd7 11. Nxe4 Nxe4 12. e3 Bd6 13. Ne5 Qe7 14. Nxd7 Qxd7
15. Bxd6 Nxd6 16. Qf3 f5 17. Qg3 Ne4 18. Qf4 g5 19. Qh2 fxg4 20. hxg4 Nd2 21.
Qh5 Nxf1 22. Qxg5+ Qg7 23. Qxg7+ Kxg7 24. Kxf1 Rae8 25. Kg1 Rf6 26. b4 Rg6 27.
Bf3 h5 28. Kg2 hxg4 29. Be2 g3 30. Bh5 gxf2+ 31. Bxg6 Kxg6 32. Kxf2 Kf5 33. Ke2
Rg8 34. Kd3 Rg2 35. a4 Rb2 36. Kc3 Rf2 37. Kd3 a6 38. b5 cxb5 39. axb5 axb5 40.
Rb1 Ra2 41. Rxb5 Ra3+ 42. Kd2 Ke4 43. Rxb7 Rd3+ 44. Ke2 Rxe3+ 45. Kd2 Rd3+ 46.
Ke2 Ra3 47. Kd2 Rd3+ 48. Ke2 Rc3 49. Kd2 Kxd4 50. Rb4+ Rc4 51. Rxc4+ dxc4 52.
Kc2 c3 53. Kc1 Kd3 54. Kd1 c2+ 55. Kc1 Kc3 1/2-1/2

[Event "Tata Steel India Blitz"]
[Site "Kolkata IND"]
[Date "2026.01.11"]
[Round "16.2"]
[White "Wei, Yi"]
[Black "Murzin, Volodar"]
[Result "1-0"]
[WhiteTitle "GM"]
[BlackTitle "GM"]
[WhiteElo "2754"]
[BlackElo "2652"]
[WhiteFideId "8603405"]
[BlackFideId "44155573"]
[EventDate "2026.01.10"]

1. d4 Nf6 2. c4 g6 3. Nc3 Bg7 4. e4 O-O 5. h3 d6 6. Bg5 c6 7. Bd3 a6 8. Nf3 b5
9. O-O b4 10. Ne2 a5 11. e5 Ne8 12. Qd2 Nd7 13. exd6 Nxd6 14. c5 Ne8 15. Rad1
Nef6 16. Rfe1 Ba6 17. Bxa6 Rxa6 18. Nf4 e6 19. Qe2 Qc8 20. Ne5 Nxe5 21. dxe5 Nd5
22. Nxd5 exd5 23. Be7 Re8 24. Bd6 Ra7 25. f4 Qe6 26. Qf2 Raa8 27. g4 f5 28. Qf3
Ra7 29. Kg2 h6 30. Rf1 Rf7 31. Kh2 Kh7 32. Qg3 Rg8 33. g5 hxg5 34. fxg5 Rh8 35.
Rde1 Kg8 36. Rf4 Rb7 37. Kg2 Kf7 38. h4 Ke8 39. Qd3 Rb5 40. Kg3 Kf7 41. a3 bxa3
42. bxa3 Ra8 43. a4 Rb2 44. Re2 Rb7 45. h5 Rb4 46. h6 Bf8 47. Qf3 Ra7 48. Rh2
Kg8 49. Re2 Rab7 50. Rxb4 Rxb4 51. Kh2 Be7 52. Qg3 Rg4 53. Qb3 Rb4 54. Qg3 Bd8
55. Rg2 Kh7 56. Qf3 d4 57. Qxc6 d3 58. Qa8 Rh4+ 59. Kg1 Qc4 60. Qb7+ 1-0

[Event "Tata Steel India Blitz"]
[Site "Kolkata IND"]
[Date "2026.01.11"]
[Round "16.3"]
[White "Erigaisi, Arjun"]
[Black "Niemann, Hans Moke"]
[Result "0-1"]
[WhiteTitle "GM"]
[BlackTitle "GM"]
[WhiteElo "2775"]
[BlackElo "2725"]
[WhiteFideId "35009192"]
[BlackFideId "2093596"]
[EventDate "2026.01.10"]

1. d4 Nf6 2. c4 e6 3. Nf3 d5 4. Nc3 c5 5. cxd5 cxd4 6. Qa4+ Bd7 7. Qxd4 exd5 8.
Nxd5 Qa5+ 9. Nc3 Nc6 10. Qd1 Ne4 11. Bd2 Nxd2 12. Nxd2 Bb4 13. Rc1 Be6 14. a3
Bxc3 15. Rxc3 O-O 16. e3 Rfd8 17. Be2 Rac8 18. Qc1 Ne5 19. O-O Rxc3 20. bxc3 Rc8
21. Nb1 g6 22. Qb2 Qc7 23. Rd1 b6 24. Rd4 Nc6 25. Rd1 Ne5 26. h3 Bf5 27. Rc1 Bd3
28. Bf1 Rd8 29. Nd2 Qd6 30. c4 Bxf1 31. Rxf1 Nd3 32. Qc3 Qe5 33. Qc2 Qb2 34.
Qxb2 Nxb2 35. Nf3 Nxc4 36. a4 Nb2 37. Nd4 a5 38. Ra1 Rc8 39. Ra2 Nd3 40. Rd2
Rc1+ 41. Kh2 Nc5 42. Nf3 Nxa4 43. Rd7 Rc2 44. e4 Nc5 45. Ra7 Nxe4 46. Ne5 Rxf2
47. Ng4 Rf1 48. Ne3 Rb1 49. Ng4 Kg7 50. Ne5 Rf1 51. Rb7 Rf5 52. Nc4 Rc5 53. Ne3
b5 54. Re7 Nf6 55. Ra7 b4 56. g4 Rb5 57. g5 Rxg5 58. Nc4 Ne4 59. Nxa5 Rc5 60.
Nb3 Rc2+ 61. Kg1 Rc3 62. Nd4 Rxh3 63. Rb7 Ng5 64. Rxb4 Rd3 65. Kf2 h5 66. Ke2
Ra3 67. Rb5 Kf6 68. Rb6+ Ke5 69. Nc6+ Kf4 70. Nb4 Ne4 71. Nd3+ Kf5 72. Rb5+ Kf6
73. Rb6+ Kg7 74. Rb7 h4 75. Ne5 Ng5 76. Kf2 h3 77. Kg1 Kf6 78. Rb5 Nf3+ 79. Nxf3
Rxf3 0-1

[Event "Tata Steel India Blitz"]
[Site "Kolkata IND"]
[Date "2026.01.11"]
[Round "16.4"]
[White "Nihal, Sarin"]
[Black "Vidit, Santosh Gujrathi"]
[Result "1/2-1/2"]
[WhiteTitle "GM"]
[BlackTitle "GM"]
[WhiteElo "2716"]
[BlackElo "2708"]
[WhiteFideId "25092340"]
[BlackFideId "5029465"]
[EventDate "2026.01.10"]

1. c4 e5 2. Nc3 Nf6 3. Nf3 Nc6 4. d3 d5 5. cxd5 Nxd5 6. g3 Bc5 7. Bg2 O-O 8. O-O
h6 9. Bd2 Nf6 10. Rc1 a5 11. Na4 Bd6 12. a3 Re8 13. Be3 Rb8 14. h3 Be6 15. Nc5
Bd5 16. Qa4 Qe7 17. Rfd1 Red8 18. Qc2 Qe8 19. Ne4 Nxe4 20. dxe4 Be6 21. Ne1 Ne7
22. Nd3 a4 23. Qc3 Bb3 24. Rd2 Nc6 25. Re1 Ra8 26. Nc1 Be6 27. h4 h5 28. Qc2 f6
29. Bf3 Na5 30. Rd3 Nc4 31. Rc3 b5 32. Kg2 Qf7 33. Rd1 Be7 34. Rcd3 Rd6 35. Bd2
c5 36. Be1 Rc8 37. Rxd6 Bxd6 38. Nd3 Bf8 39. Rc1 g6 40. Bc3 Nb6 41. Bd2 Bb3 42.
Qb1 Nc4 43. Bc3 Bh6 44. Re1 Qe7 45. Nc1 b4 46. Nxb3 axb3 47. axb4 cxb4 48. Bxb4
Qxb4 49. Rd1 Nd2 50. Qa1 Nxf3 51. exf3 Bg7 52. Rd7 Kh7 53. Qa7 Rg8 54. Rb7 Qd4
55. Qa6 Qxb2 56. Qxf6 Qd4 57. Qf7 b2 58. Qb3 Rf8 59. Qxb2 Qxb2 60. Rxb2 Rf7 61.
Rb5 Re7 62. Ra5 Bh6 63. Rb5 Bd2 64. Rc5 Bb4 65. Rc4 Ba5 66. Rc5 Bb6 67. Rc2 Bd4
68. Rd2 Ba7 69. Re2 Kg7 70. Ra2 Bd4 71. Rd2 Bb6 72. Rb2 Re6 73. Rd2 Kf6 74. Kf1
Rc6 75. Kg2 Ke6 76. Kf1 Rc4 77. Kg2 Bd4 78. Kf1 Rb4 79. Kg2 Rb2 80. Rxb2 Bxb2
81. f4 exf4 82. gxf4 Bc1 83. f5+ gxf5 84. exf5+ Kxf5 85. f4 Bxf4 86. Kh1 Kg4 87.
Kg2 Kxh4 1/2-1/2

[Event "Tata Steel India Blitz"]
[Site "Kolkata IND"]
[Date "2026.01.11"]
[Round "16.5"]
[White "Anand, Viswanathan"]
[Black "Praggnanandhaa, R"]
[Result "1/2-1/2"]
[WhiteTitle "GM"]
[BlackTitle "GM"]
[WhiteElo "2743"]
[BlackElo "2758"]
[WhiteFideId "5000017"]
[BlackFideId "25059530"]
[EventDate "2026.01.10"]

1. e4 e5 2. Nf3 Nc6 3. Bb5 a6 4. Ba4 Nf6 5. O-O d6 6. Re1 b5 7. Bb3 Na5 8. d4
Nxb3 9. axb3 Bb7 10. dxe5 Nxe4 11. Nbd2 d5 12. e6 fxe6 13. Nxe4 dxe4 14. Qxd8+
Rxd8 15. Ng5 Rd5 16. Nxe6 Bd6 17. Be3 Kd7 18. Nd4 Be5 19. c3 c5 20. Nc2 Kc7 21.
b4 cxb4 22. Nxb4 Rd6 23. Red1 Rhd8 24. Rxd6 Rxd6 25. Nc2 g6 26. g3 Bd5 27. Bd4
Bxd4 28. Nxd4 Kb6 29. b4 Rd7 30. Kf1 Bc4+ 31. Ke1 Rf7 32. Nc2 Bd3 33. Ne3 h5 34.
Ra3 g5 35. Ra1 h4 36. Ra3 hxg3 37. hxg3 Rh7 38. Nd5+ Kb7 39. Ne3 Rh1+ 40. Kd2
Rb1 41. Ra2 Rh1 42. Rb2 Kb6 43. Nd5+ Kc6 44. Nf6 Kd6 45. Ke3 Ke5 46. Nd7+ Kd5
47. Nf6+ Ke5 48. Nd7+ Kf5 49. Nc5 Bc4 50. Nxa6 Re1+ 51. Kd4 Rd1+ 52. Kc5 Rd5+
53. Kc6 Rd3 54. Nc7 e3 55. fxe3 Rxe3 56. Nxb5 Bxb5+ 57. Kxb5 Rxc3 58. Ka6 1/2-1/2

[Event "Tata Steel India Blitz"]
[Site "Kolkata IND"]
[Date "2026.01.11"]
[Round "17.1"]
[White "Vidit, Santosh Gujrathi"]
[Black "Anand, Viswanathan"]
[Result "1/2-1/2"]
[WhiteTitle "GM"]
[BlackTitle "GM"]
[WhiteElo "2708"]
[BlackElo "2743"]
[WhiteFideId "5029465"]
[BlackFideId "5000017"]
[EventDate "2026.01.10"]

1. Nf3 d5 2. b3 c5 3. e3 Nf6 4. Bb2 e6 5. Bb5+ Bd7 6. Be2 Nc6 7. O-O Be7 8. d4
cxd4 9. Nxd4 O-O 10. Nd2 Nxd4 11. Bxd4 a5 12. c4 a4 13. cxd5 Nxd5 14. Bf3 Bc6
15. Nc4 Bf6 16. Ne5 axb3 17. axb3 Rxa1 18. Qxa1 Bxe5 19. Bxe5 f6 20. Bd4 Qe7 21.
Rc1 1/2-1/2